NFL Stadien, die über 70.000 Zuschauerkapazität haben-Sudden Death - Statistiken

Allgemein
  • Dieses Quiz wurde 24 mal gespielt
  • Das Durchschnittsergebnis liegt bei 4 aus 12
Answers on the Grid
Answers color-coded by a green-red scale on the quiz's grid according to % correct below.
MetLife Stadium
Lambeau Field
AT&T Stadium
Arrowhead Stadium
NRG Stadium
SoFi Stadium
Mercedes-Benz Stadium
M&T Bank Stadium
Highmark Stadium (das Alte)
Caesars Superdome
Bank of America Stadium
Empower Field at Mile High
Lincoln Financial Field
Raymond James Stadium
Soldier Field
Ford Field
State Farm Stadium
U.S. Bank Stadium
Hard Rock Stadium
Allegiant Stadium
Lucas Oil Stadium
Gillette Stadium
Paycor Stadium
FedExField
Acrisure Stadium
Levi’s Stadium
Lumen Field
EverBank Stadium
Nissan Stadium
Huntington Bank Field
 
Antwortstatistiken
Antwort % Korrekt
AT&T Stadium
67%
MetLife Stadium
50%
Arrowhead Stadium
44%
Mercedes-Benz Stadium
39%
SoFi Stadium
39%
Lambeau Field
33%
Bank of America Stadium
17%
Caesars Superdome
17%
Empower Field at Mile High
17%
M&T Bank Stadium
17%
Highmark Stadium (das Alte)
11%
NRG Stadium
11%
Keine übereinstimmenden Quizze gefunden
Verteilung der Resultate
Anzahl Personen mit jedem Resultat
Perzentil nach korrekt beantworteten Fragen
Ihre Resultats-Entwicklung
Sie haben dieses Quiz noch nicht gespielt